Mapa geológico de Colombia (Registro nro. 870)

Detalles MARC
000 -CABECERA
Campo de control 00803nam a2200229 a 4500
005 - FECHA Y HORA DE LA ULTIMA TRANSACCION
Campo de control 20160419102629.0
008 - ELEMENTOS DE LONGITUD FIJA—INFORMACION GENERAL
Campo de control 140224b1988 ck bd |r|||| 00| 0 spa d
040 ## - FUENTE DE CATALOGACIÓN
Agencia catalogadora original CO-BoIAVH
Agencia transcriptora CO-BoIAVH
041 0# - IDIOMA
Código de idioma para texto/pista de sonido o título separado Español
044 ## - PAÍS DE PUBLICACIÓN
País de publicación Colombia
082 04 - NUMERO DE CLASIFICACION DECIMAL DEWEY
Número de clasificación 912.19
Número del ítem G64m
100 1# - ASIENTO PRINCIPAL--NOMBRE PERSONAL
Nombre personal González I., Humberto
9 (RLIN) 9568
245 10 - MENCION DE TITULO
Título Mapa geológico de Colombia
Parte restante del título Escala 1:1'500.000 /
Mención de responsabilidad Humberto González I., Alberto Nuñez T. y Gabriel Paris Q.
260 ## - PUBLICACION, DISTRIBUCION, ETC. (PIE DE IMPRENTA)
Lugar de publicación, distribución, etc. Bogotá :
Nombre del editor, distribuidor, etc. Ingeominas,
Fecha de publicación, distribución, etc. 1988.
300 ## - DESCRIPCION FISICA
Extensión 71 páginas :
Otros detalles físicos mapas y tablas ;
Dimensiones 26 x 20 centímetros
504 ## - NOTA DE BIBLIOGRAFIA, ETC.
Nota de bibliografía Incluye referencias bibliográficas.
650 16 - ASIENTO SECUNDARIO DE MATERIA - TERMINO TEMATICO
Término temático o nombre geográfico como elemento de entrada Geología
Subdivisión de forma mapas
Subdivisión geográfica Colombia
9 (RLIN) 65864
650 26 - ASIENTO SECUNDARIO DE MATERIA - TERMINO TEMATICO
Término temático o nombre geográfico como elemento de entrada Geomorfología
Subdivisión geográfica Colombia
9 (RLIN) 65865
700 1# - ASIENTO SECUNDARIO - NOMBRE PERSONAL
Nombre personal Núñez T., Alberto
Término de relación autor
9 (RLIN) 9570
700 1# - ASIENTO SECUNDARIO - NOMBRE PERSONAL
Nombre personal Paris Q., Gabriel
Término de relación autor
9 (RLIN) 9571
942 ## - ELEMENTOS ADICIONALES (KOHA)
Tipo de ítem Libro
Sistema de clasificación Dewey Decimal Classification
Existencias
Withdrawn status Lost status Sistema de Clasificación Damaged status No para préstamo Colección Inventariado Ubicación Permanente Ubicación actual Fecha de adquisición Fuente de Valor Valor Total Checkouts Número topográfico Inventario / Código de Barras Date last seen Ejemplar Price effective from Forma de adquisición Tipo de material
    Dewey Decimal Classification     General Inventariado 2017 Sala Fabio Quevedo Sala Fabio Quevedo 01/08/1999 Instituto 20000.00   LB-912.19 G64m 001225 04/12/2012 Ej. 1 04/12/2012   Libro